Normal view
MARC view
- LEONDER, CORELIUS T
Entry Personal Name
001 - CONTROL NUMBER
- control field: 57051
003 - CONTROL NUMBER IDENTIFIER
- control field: NUST
005 - DATE AND TIME OF LATEST TRANSACTION
- control field: 20210628201835.0
008 - FIXED-LENGTH DATA ELEMENTS
- fixed length control field: 210628|| aca||aabn | a|a d
040 ## - CATALOGING SOURCE
- Original cataloging agency: NUST
- Transcribing agency: NUST
100 ## - HEADING--PERSONAL NAME
- Personal name: LEONDER, CORELIUS T
670 ## - SOURCE DATA FOUND
- Source citation: Work cat.: (NUST): LEONDER, CORELIUS T, GUIDANCE AND CONTROL OF AEROSPACE VEHICLES, 1963
